000 01677nam a2200349 a 4500
001 000038917
003 DO-SdBNP
005 20200716093928.0
007 000038917
008 150130s2013 dr acd 000 0 spa d
020 _a9789945174700
040 _aBPMSU
_bspa
_cBPMSU
092 _a373.83
_bC569s 1ro. 2013
245 0 0 _aCiencias sociales 1 :
_beducación media /
_ccolaboración Ryde Acosta ... [et al.] ; gerencia editorial Anna Rogero Soler
260 _aSanto Domingo :
_bSM,
_c2013
300 _a287 p. :
_bil., retrs., mapas ;
_c29 cm. +
_eCD ROM.
490 1 _aProyecto Sé
504 _aBibliografía : p. 287
505 0 _tUnidad 1.
_tGeografía física de la tierra –
_tUnidad 2.
_tLos continentes --
_tUnidad 3.
_tLa prehistoria y las primeras civilizaciones –
_tUnidad 4.
_tDe Grecia a la Edad Media –
_tUnidad 5.
_tLa Edad Moderna y las grandes revoluciones –
_tUnidad 6.
_tEl siglo XX –
_tUnidad 7.
_tPoblación y espacio urbano –
_tUnidad 8.
_tEconomía y política -- Proyecto -- Actividades -- Pon a prueba tus competencias -- Repaso para las Pruebas Nacionales.
650 4 _aCIENCIAS SOCIALES
_xENSEÑANZA SECUNDARIA
650 4 _aCIENCIAS SOCIALES
_xESTUDIOS Y EJERCICIOS
650 4 _aCIENCIAS SOCIALES
_xLIBROS DE TEXTOS
650 4 _aCIENCIAS SOCIALES
_xEDUCACIÓN SECUNDARIA
650 4 _aEDUCACIÓN SECUNDARIA
_zREPÚBLICA DOMINICANA
700 1 2 _aAcosta, Ryde
_ecolab.
_4
830 0 _aProyecto Sé
910 _aValidado. Conrol de calidad MFF
930 1 _lBND01
_mLF1
_820130506
_f01
_pHD
_g36709
942 _2ddc
_cBK
956 _aYLOCKWARD
_b10
_c20150603
_lBND01
_h1156
956 _aVMATEO
_b10
_c20150605
_lBMET02
_h00151
999 _c7903
_d7903